Ricostruisci la Carriera del Calciatore - Felipe Caicedo - Statistics

Statistiche generali
  • Questo quiz è stato fatto 5 volte
  • Il punteggio medio è 3 su 13
Statistiche sulle risposte
Hint Risposta % Corretto
2006-2008 Basilea
100%
2005-2006 Basilea II
100%
2022 Inter
50%
2010 Malaga
50%
2022-2023 Abha
0%
2014 Al-Jazira
0%
2014-2017 Espanyol
0%
2021-2022 Genoa
0%
2017-2021 Lazio
0%
2010-2011 Levante
0%
2011-2014 Lokomotiv Mosca
0%
2008-2009 Manchester City
0%
2009-2010 Sporting Lisbona
0%
Nessun quiz corrispondente trovato
Distribuzione punteggi
Percentuale di utenti per punteggio
Percentile per numero di risposta
I tuoi punteggi nel tempo
Non hai fatto questo quiz